00863nam a2200265Ia 450000500170000000800410001702000260005804000190008404100120010308200150011510000220013024501080015225000120026026000440027230000160031650400500033263000210038265000150040365100160041870000270043485000100046194200070047199900170047895201020049520240305110426.0140110s9999 xx 000 0 und d a9788120321410cRs.350 aLoreto College aEnglish a005.1bCOR aCormen, Thomas H. aIntroduction to algorithmscThomas H. Cormen, Charles E. Leiserson, Ronald L. Rivest and Clifford Stein a2nd ed. aNew DelhibPrentice-Hall of Indiac2008 axix,1180p.  aIncludes bibliographical references and index aComputer Science aAlgorithms aMathematics aLeiserson, Charles E.  aLCLIB cBK c20252d70731 00102ddc4070aMAINbMAINd2013-11-04l0o005.1 COR 46691pB22081r2013-11-04w2013-11-04yBKf